000 00275nam a22001217a 4500
008 170307b xxu||||| |||| 00| 0 eng d
041 _aeng
080 _22ND
_a611
100 _a6
101 _aSHM
245 _aESSENTIALS OF EXERCISE PHYSIOLOGY
_cKATCH, V.L
942 _2udc
_cBK
999 _c6995
_d6995